Tilastot visalle Kainuun maakunnan kunnat

Klikkaa tästä pelataksesi tätä visaa!

Yleistilastot

  • Tätä visaa on pelattu 48 kertaa
  • Keskiarvotulos 7 / 11

Vastaustilastot

HintVastaus% Oikein
KaupunkiKajaani
95%
KuntaPuolanka
79%
KuntaSotkamo
79%
KuntaSuomussalmi
79%
KaupunkiKuhmo
76%
KuntaHyrynsalmi
66%
KuntaPaltamo
63%
KuntaRistijärvi
55%
Kunta (2016)Vaala
42%
Kunta (1977)Kajaanin maalaiskunta
29%
Kunta (2007)Vuolijoki
18%

Tulosjakauma

Persentiili vastausten määrän mukaan

Jokaisen tuloksen saaneiden osuus

Tuloshistoriasi

Et ole pelannut tätä visaa